<?xml version="1.0" encoding="UTF-8"?>
<record
    xmlns:xsi="http://www.w3.org/2001/XMLSchema-instance"
    xsi:schemaLocation="http://www.loc.gov/MARC21/slim http://www.loc.gov/standards/marcxml/schema/MARC21slim.xsd"
    xmlns="http://www.loc.gov/MARC21/slim">

  <leader>03534njm a2200553Ia 4500</leader>
  <controlfield tag="001">25630</controlfield>
  <controlfield tag="003">IT-RoPAU</controlfield>
  <controlfield tag="005">20220918181123.0</controlfield>
  <controlfield tag="008">131025s9999    xx            000 0 und d</controlfield>
  <datafield tag="040" ind1=" " ind2=" ">
    <subfield code="a">IT-RoPAU</subfield>
  </datafield>
  <datafield tag="040" ind1=" " ind2=" ">
    <subfield code="c">IT-RoPAU</subfield>
  </datafield>
  <datafield tag="041" ind1=" " ind2=" ">
    <subfield code="a">ITALIANO</subfield>
  </datafield>
  <datafield tag="999" ind1=" " ind2=" ">
    <subfield code="c">99946</subfield>
    <subfield code="d">99946</subfield>
  </datafield>
  <datafield tag="999" ind1=" " ind2=" ">
    <subfield code="b">n.d.</subfield>
  </datafield>
  <datafield tag="100" ind1=" " ind2=" ">
    <subfield code="a">AA.VV.</subfield>
    <subfield code="9">794</subfield>
  </datafield>
  <datafield tag="100" ind1=" " ind2=" ">
    <subfield code="e">Autore musica</subfield>
    <subfield code="9">12752</subfield>
  </datafield>
  <datafield tag="100" ind1=" " ind2=" ">
    <subfield code="g">Codice autore musica SPICS: 12000</subfield>
    <subfield code="9">796</subfield>
  </datafield>
  <datafield tag="245" ind1=" " ind2=" ">
    <subfield code="a">Eccezionale Iva-Le pi&#xF9; belle canzoni di Iva Zanicchi</subfield>
  </datafield>
  <datafield tag="250" ind1=" " ind2=" ">
    <subfield code="a">1a ed.</subfield>
  </datafield>
  <datafield tag="260" ind1=" " ind2=" ">
    <subfield code="a">MILANO</subfield>
  </datafield>
  <datafield tag="260" ind1=" " ind2=" ">
    <subfield code="b">RI - FI RECORD COMPANY</subfield>
    <subfield code="c">1973 [1a Ed.:1973 - Ed. Lingua Orig.: 1973]</subfield>
  </datafield>
  <datafield tag="300" ind1=" " ind2=" ">
    <subfield code="a">DISCO</subfield>
  </datafield>
  <datafield tag="300" ind1=" " ind2=" ">
    <subfield code="c">45 minuti (Testo:  pag.)</subfield>
  </datafield>
  <datafield tag="500" ind1=" " ind2=" ">
    <subfield code="a">Canzone italiana</subfield>
  </datafield>
  <datafield tag="505" ind1=" " ind2=" ">
    <subfield code="a">Mi ha stregato il viso tuo - Un uomo senza tempo (Mi viejo) - Coraggio e paura - Nonostante lei - Fra noi &#xE8; finita cos&#xEC; - La mia sera - Come ti vorrei - La riva bianca la riva nera - E io tra di voi (...) - Alla mia gente - Vivr&#xF2; (My Prayer) - Un fiume amaro</subfield>
  </datafield>
  <datafield tag="650" ind1=" " ind2=" ">
    <subfield code="a">CANZONE ITALIAN [DISCHI]</subfield>
    <subfield code="e">Codice MATERIA SPICS: 9950</subfield>
    <subfield code="9">12753</subfield>
  </datafield>
  <datafield tag="700" ind1=" " ind2=" ">
    <subfield code="a">Zanicchi Iva</subfield>
    <subfield code="g">Codice interprete SPICS: 11562</subfield>
    <subfield code="e">Interprete</subfield>
    <subfield code="9">12754</subfield>
  </datafield>
  <datafield tag="700" ind1=" " ind2=" ">
    <subfield code="a">Soffici Roberto</subfield>
    <subfield code="g">Codice autore musica SPICS: 11161</subfield>
    <subfield code="e">Autore musica</subfield>
    <subfield code="p">Mi ha stregato il viso tuo</subfield>
    <subfield code="9">12755</subfield>
  </datafield>
  <datafield tag="700" ind1=" " ind2=" ">
    <subfield code="a">Albertelli Luigi</subfield>
    <subfield code="g">Codice autore testo/musica SPICS: 14330</subfield>
    <subfield code="e">Autore testo/musica</subfield>
    <subfield code="p">Mi ha stregato il viso tuo</subfield>
    <subfield code="9">12756</subfield>
  </datafield>
  <datafield tag="700" ind1=" " ind2=" ">
    <subfield code="a">Lombardi Ettore</subfield>
    <subfield code="g">Codice autore musica SPICS: 16083</subfield>
    <subfield code="e">Autore musica</subfield>
    <subfield code="p">Un uomo senza tempo (Mi viejo)</subfield>
    <subfield code="9">12757</subfield>
  </datafield>
  <datafield tag="700" ind1=" " ind2=" ">
    <subfield code="a">Castellari Camillo &amp; Corrado</subfield>
    <subfield code="g">Codice autore testo/musica SPICS: 16011</subfield>
    <subfield code="e">Autore testo/musica</subfield>
    <subfield code="p">Coraggio e paura - Alla mia gente </subfield>
    <subfield code="9">12758</subfield>
  </datafield>
  <datafield tag="700" ind1=" " ind2=" ">
    <subfield code="a">Renis Tony</subfield>
    <subfield code="g">Codice autore musica SPICS: 13845</subfield>
    <subfield code="e">Autore musica</subfield>
    <subfield code="p">Nonostante lei</subfield>
    <subfield code="9">12759</subfield>
  </datafield>
  <datafield tag="700" ind1=" " ind2=" ">
    <subfield code="a">Testa Alberto</subfield>
    <subfield code="g">Codice autore SPICS: 785</subfield>
    <subfield code="e">Autore</subfield>
    <subfield code="p">Nonostante lei - La riva bianca la riva nera</subfield>
    <subfield code="9">12760</subfield>
  </datafield>
  <datafield tag="700" ind1=" " ind2=" ">
    <subfield code="a">Mogol (Rapetti Giulio)</subfield>
    <subfield code="g">Codice autore testo/musica SPICS: 13643</subfield>
    <subfield code="e">Autore musica</subfield>
    <subfield code="p">Nonostante lei</subfield>
    <subfield code="9">12761</subfield>
  </datafield>
  <datafield tag="700" ind1=" " ind2=" ">
    <subfield code="a">Amadesi</subfield>
    <subfield code="g">Codice autore musica SPICS: 16084</subfield>
    <subfield code="e">Autore musica</subfield>
    <subfield code="p">Fra noi &#xE8; finita cos&#xEC;</subfield>
    <subfield code="9">12762</subfield>
  </datafield>
  <datafield tag="700" ind1=" " ind2=" ">
    <subfield code="a">Albula </subfield>
    <subfield code="g">Codice autore testo/musica SPICS: 16085</subfield>
    <subfield code="e">Autore testo/musica</subfield>
    <subfield code="p">Fra noi &#xE8; finita cos&#xEC;</subfield>
    <subfield code="9">12763</subfield>
  </datafield>
  <datafield tag="700" ind1=" " ind2=" ">
    <subfield code="a">Limiti P.</subfield>
    <subfield code="g">Codice autore musica SPICS: 13869</subfield>
    <subfield code="e">Autore musica</subfield>
    <subfield code="p">La mia sera</subfield>
    <subfield code="9">12764</subfield>
  </datafield>
  <datafield tag="700" ind1=" " ind2=" ">
    <subfield code="a">Leoni Ezio</subfield>
    <subfield code="g">Codice autore testo/musica SPICS: 16082</subfield>
    <subfield code="e">Autore testo/musica</subfield>
    <subfield code="p">La mia sera</subfield>
    <subfield code="9">12765</subfield>
  </datafield>
  <datafield tag="700" ind1=" " ind2=" ">
    <subfield code="a">Specchia</subfield>
    <subfield code="g">Codice autore musica SPICS: 16086</subfield>
    <subfield code="e">Autore musica</subfield>
    <subfield code="p">Come ti vorrei</subfield>
    <subfield code="9">12766</subfield>
  </datafield>
  <datafield tag="700" ind1=" " ind2=" ">
    <subfield code="a">Russell</subfield>
    <subfield code="g">Codice autore testo/musica SPICS: 16087</subfield>
    <subfield code="e">Autore testo/musica</subfield>
    <subfield code="p">Come ti vorrei</subfield>
    <subfield code="9">12767</subfield>
  </datafield>
  <datafield tag="700" ind1=" " ind2=" ">
    <subfield code="a">Sciorilli Eros</subfield>
    <subfield code="g">Codice autore musica SPICS: 13521</subfield>
    <subfield code="e">Autore musica</subfield>
    <subfield code="p">La riva bianca la riva nera</subfield>
    <subfield code="9">12768</subfield>
  </datafield>
  <datafield tag="700" ind1=" " ind2=" ">
    <subfield code="a">Aznavour Charles</subfield>
    <subfield code="g">Codice autore musica SPICS: 9707</subfield>
    <subfield code="e">Autore musica</subfield>
    <subfield code="p">E io tra di voi (...)</subfield>
    <subfield code="9">12769</subfield>
  </datafield>
  <datafield tag="700" ind1=" " ind2=" ">
    <subfield code="a">Bardotti Sergio</subfield>
    <subfield code="g">Codice autore testo/musica SPICS: 13862</subfield>
    <subfield code="e">Autore testo/musica</subfield>
    <subfield code="p">E io tra di voi (...)</subfield>
    <subfield code="9">12770</subfield>
  </datafield>
  <datafield tag="700" ind1=" " ind2=" ">
    <subfield code="a">Bertini Umberto</subfield>
    <subfield code="g">Codice autore musica SPICS: 13511</subfield>
    <subfield code="e">Autore musica</subfield>
    <subfield code="p">Vivr&#xF2; (My Prayer)</subfield>
    <subfield code="9">12771</subfield>
  </datafield>
  <datafield tag="700" ind1=" " ind2=" ">
    <subfield code="a">Boulanger</subfield>
    <subfield code="g">Codice autore testo/musica SPICS: 16088</subfield>
    <subfield code="e">Autore testo/musica</subfield>
    <subfield code="p">Vivr&#xF2; (My Prayer)</subfield>
    <subfield code="9">12772</subfield>
  </datafield>
  <datafield tag="700" ind1=" " ind2=" ">
    <subfield code="a">Theodorakis Mikis</subfield>
    <subfield code="g">Codice autore musica SPICS: 11170</subfield>
    <subfield code="e">Autore musica</subfield>
    <subfield code="p">Un fiume amaro</subfield>
    <subfield code="9">12773</subfield>
  </datafield>
  <datafield tag="700" ind1=" " ind2=" ">
    <subfield code="a">Tuminelli Sandro</subfield>
    <subfield code="g">Codice autore SPICS: 25258</subfield>
    <subfield code="e">Autore</subfield>
    <subfield code="p">Un fiume amaro</subfield>
    <subfield code="9">12774</subfield>
  </datafield>
  <datafield tag="700" ind1=" " ind2=" ">
    <subfield code="a">Christodoulou Dimitri</subfield>
    <subfield code="g">Codice autore testo/musica SPICS: 27441</subfield>
    <subfield code="e">Autore testo/musica</subfield>
    <subfield code="p">Un fiume amaro</subfield>
    <subfield code="9">12775</subfield>
  </datafield>
  <datafield tag="942" ind1=" " ind2=" ">
    <subfield code="c">MD</subfield>
    <subfield code="2">ddc</subfield>
  </datafield>
  <datafield tag="952" ind1=" " ind2=" ">
    <subfield code="0">0</subfield>
    <subfield code="1">0</subfield>
    <subfield code="4">0</subfield>
    <subfield code="6">25630_000000000000000</subfield>
    <subfield code="7">1</subfield>
    <subfield code="a">SPICS</subfield>
    <subfield code="b">SPICS</subfield>
    <subfield code="d">2013-10-25</subfield>
    <subfield code="l">0</subfield>
    <subfield code="o">25630</subfield>
    <subfield code="r">2013-10-25 00:00:00</subfield>
    <subfield code="w">2013-10-25</subfield>
    <subfield code="y">MD</subfield>
    <subfield code="z">Progr. Ins.: 5504 / N.Vol.: 1 / Copie: 1 - Copia rara: n.d. / date import: 01.01.2014 - By Epidotti, Trombetti, Vaglietti</subfield>
  </datafield>
</record>
